Новият кодекс за социално осигуряване - наръчник за прилагане (Запис номер 102835)
[ съкратено ]
| 000 -Лидер | |
|---|---|
| Контролно поле с фиксирана дължина | 01960nam a2200385 c 4500 |
| 003 - Код на организацията, давaща контролен номер | |
| Контролно поле | BLK |
| 005 - Дата и час на последна редакция | |
| Контролно поле | 20250730150656.0 |
| 008 - Елементи от данни с фиксирана дължина | |
| fixed length control field | 180409b bul|||||r ||||||| ||bul|| |
| 010 ## - Наследен системен номер | |
| LC control number | KNG00107906000 |
| 020 ## - Международен стандартен номер на книга ISBN | |
| Международен стандартен номер на книга ISBN | 954-90698-4-2 |
| 040 ## - Източник на каталожния запис | |
| Идентификатор на билиотеката - собственик на записа | BLK |
| 041 ## - Код за език | |
| Код за езика на текст/звукозапис или на отделно заглавие | Български |
| Код за езика КДБФ | Български |
| 080 ## - УДК | |
| Текстов определител УДК | Трудово законодателство. Работническо законодателство. Социално законодателство |
| УДК код - определител по УДК | 351.83 |
| УДК определител | :368(497.2)(094.9.072) |
| УДК - код + определител | 351.83:368(497.2)(094.9.072) |
| 100 1# - Редна дума - Автор | |
| Автор | Петкова, Аспасия Методиева |
| R(LIN) | 109076 |
| 139 ## - Редно поле | |
| Редна дума | Новият кодекс за социално осигуряване |
| Авторски знак | Нови - Н 86 |
| 245 10 - Сведения за заглавието | |
| Заглавие | Новият кодекс за социално осигуряване - наръчник за прилагане |
| Редно поле (дума) | Аспасия Методиева Петкова. |
| 257 ## - Страна на издаване | |
| Страна на създаване/издаване | България |
| 260 ## - Област на издателските данни | |
| Име на издателя, разпространителя и проч. | АИИ |
| Година на издаване | 2003 |
| Печатница | София : РИК Славяни ООД |
| 300 ## - Физическа характеристика | |
| Страници | 360 с. |
| Илюстрации и др. | с табл. |
| Размери/Мащаб | 21 см |
| 380 ## - Жанр | |
| Жанр | Обществени науки |
| 500 ## - Общи забележки | |
| Забележка | Други авт. : Вержиния Заркова, Румяна Станчева, Маргарита Димитрова, Албена Иванова, Данка Петрова Шопова, Анастас Петров, Татяна Битунска, Бисер Райнов. - Офс. изд. - Съдържа и Кодекс за социално осигуряване |
| 650 #4 - Допълнително описание по предмет – тема | |
| Основно описание – тема или топоним | Обществено осигуряване - България - правни проблеми |
| 9 (RLIN) | 247509 |
| 653 ## - Ключова дума – ненормативна | |
| Ключова дума | обществено осигуряване |
| 653 ## - Ключова дума – ненормативна | |
| Ключова дума | социално осигуряване |
| 653 #7 - Ключова дума – ненормативна | |
| Ключова дума | България |
| 9 (RLIN) | 182576 |
| 653 #7 - Ключова дума – ненормативна | |
| Ключова дума | правни проблеми |
| 9 (RLIN) | 194317 |
| 852 ## - Местоположение | |
| Форматна сигнатура | Цб 216061 |
| 856 4# - Електронен адрес и достъп | |
| Електронен формат | pdf - файл |
| 856 4# - Електронен адрес и достъп | |
| Електронен формат | pdf - файл |
| 999 ## - СИСТЕМНИ КОНТРОЛНИ НОМЕРА | |
| Koha biblionumber | 102835 |
| Koha biblioitemnumber | 102835 |
| 942 ## - АРТИКУЛИ | |
| Вид на библиотечния материал | Книги |
| Скрит в OPAC | Не |
| Koha issues (borrowed), all copies | 2 |
| 944 ## - СЪЗДАВАНЕ И РЕДАКЦИЯ на ЗАПИСА | |
| Създаване/Редакция | Създаване |
| Дата на регистрацията/редакция | 17.09.2003 |
| Служител, извършил регистрацията/редакцията | 30576 |
| Статус, дата на статуса | Цветомила Тодорова |
| 944 ## - СЪЗДАВАНЕ И РЕДАКЦИЯ на ЗАПИСА | |
| Създаване/Редакция | Редакция |
| Дата на регистрацията/редакция | 30.01.2013 |
| 999 ## - СИСТЕМНИ КОНТРОЛНИ НОМЕРА | |
| Koha biblioitemnumber | 102835 |
| 999 ## - СИСТЕМНИ КОНТРОЛНИ НОМЕРА | |
| Koha biblioitemnumber | 102835 |
| Код за отписване | Код за изгубен артикул | Код за повреда | Коз за рестрикции | Код за отдаване | Артикулен № | Име на библиотеката - собственик | Име на библиотеката, в която се намира в момента | Статус (Текущо местоположение) | Дата на вписване в системата | Местоположение - отдел | Цена в лева | Инвентарен номер | Систематично азбучна сигнатура | Баркод | Номер на екземпляра | Цена в евро | Служебна бележка | Служебен тип на артикула |
|---|---|---|---|---|---|---|---|---|---|---|---|---|---|---|---|---|---|---|
| Не е изгубен | Не е повреден | без рестрикции | заемане за дома | 166041 | Регионална библиотека "Любен Каравелов" Русе | Регионална библиотека "Любен Каравелов" Русе | Заемна - подръчен фонд | 2003-09-17 | Заемна - подръчен фонд | 9.97 | 120000678730 | П 351/Н 86 | 120000678730 | 1 | 5.10 | Дост: Pk Вид: Ф N: 17050 Дата: 16.09.2003 Дата инв: 07.02.2018 Бележки инв: П2018 | Книги | |
| Не е изгубен | Не е повреден | без рестрикции | ползва се в читалня | 166042 | Регионална библиотека "Любен Каравелов" Русе | Регионална библиотека "Любен Каравелов" Русе | Хранилище | 2004-07-06 | Хранилище | 9.95 | 120000686733 | Цб 216061 | 120000686733 | 2 | 5.09 | Дост: Dp Вид: Д N: 36 Дата: 27.08.2003 | Книги |